| 000 | 00418nam a22001457a 4500 | ||
|---|---|---|---|
| 008 | 230331b |||||||| |||| 00| 0 eng d | ||
| 040 |
_aNational Science Library _cNational Science Library |
||
| 080 |
_aD 778.149(02) _bM5 |
||
| 100 | _aGunn, Michael J | ||
| 245 | _aManual document microphotography | ||
| 260 |
_aLondon: _bFocal Press, _c1985 |
||
| 300 | _a232p. | ||
| 650 | _aInformation science | ||
| 942 |
_2udc _cBK |
||
| 999 |
_c17572 _d17572 |
||